Awadh Ke Pramukh Vrat-Parva-Tyohar Evam Riti-Rivaj (Record no. 1679222)

MARC details
000 -LEADER
fixed length control field 00328 a2200121 4500
000 - LEADER
fixed length control field nam a22 7a 4500
005 - DATE AND TIME OF LATEST TRANSACTION
control field 20260211111812.0
020 ## - INTERNATIONAL STANDARD BOOK NUMBER
International Standard Book Number 9788119133093
100 ## - MAIN ENTRY--PERSONAL NAME
Personal name Vidya Vindu Singh
9 (RLIN) 1115005
245 ## - TITLE STATEMENT
Title Awadh Ke Pramukh Vrat-Parva-Tyohar Evam Riti-Rivaj
260 ## - PUBLICATION, DISTRIBUTION, ETC.
Name of publisher, distributor, etc. Lokbharti Prakashan
Date of publication, distribution, etc. 2024
942 ## - ADDED ENTRY ELEMENTS (KOHA)
Koha item type Textual
Holdings
Withdrawn status Lost status Source of classification or shelving scheme Damaged status Not for loan Home library Current library Date acquired Source of acquisition Cost, normal purchase price Inventory number Total Checkouts Barcode Date last seen Cost, replacement price Price effective from Koha item type
    Colon Classification (CC)   Ordered South Campus Library South Campus Library 2026-02-20 56 716.00 BR/11262 & 15/12/2025   SC1809172 2026-02-20 895.00 2026-02-20 Textual
Copyright @ Delhi University Library System